000 01669cam a22004934i 4500
003 PE-LiUPU
005 20250731173052.0
008 180222s2010 miua r 001 0 eng d
020 _a9780825421099
035 _a(Sirsi) a241377
040 _aPE-LiUPU
_bspa
_cPE-LiUPU
_erda
049 _aPRUA
082 0 4 _a232.8
_bB27
_223
100 1 _aBateman, Herbert W.,
_eautor.
245 1 0 _aJesus the Messiah :
_btracing the promises, expectations, and coming of Israel's King /
_cHerbert W. Bateman IV, Darrell L. Bock, Gordon H. Johnston.
264 1 _aMichigan :
_bKregel,
_c2010.
300 _axii, 527 páginas :
_bilustraciones ;
_c23 centímetros
336 _atext
_2rdacontent
337 _aunmediated
_2rdamedia
338 _avolume
_2rdacarrier
504 _aÍndice : páginas 475-483.
505 0 _aPromises of a king -- Expectations of a king -- The coming of a king.
526 _aSEG42
526 _aSEG41
526 _aSEG40
526 _aSEG39
526 _aP94
526 _aP87
526 _aP86
526 _aP85
526 _aP77
526 _aP76
526 _aP35
650 0 4 _aJesucristo
_x Persona y oficinas.
650 0 4 _aJesus Christ
_x Person and offices.
700 1 _aBock, Darrell L.,
_eautor.
700 1 _aJohnston, Gordon H.,
_eautor.
910 _adbm
_bncf
_cncf
_d20180222
942 _2ddc
_cBOOK
994 _aC0
_bPEPRU
596 _a1
999 _a232.8 B27
_wDEWEY
_c27015
_i78300
_f2021-11-10
_g4
_lCCODEBUL1
_mBUL
_p30.13
_r0
_sY
_tBOOK
_u2018-2-22
_xTEOLOGIA
_PP85
_0COMPRA
_o.STAFF. Colección Teología
_d27015
980 _81
_gALBERTO SANCHEZ Responsable de Automatización